1022 1071 1766 1970 1276 1756 1612 1431 1381 1645 1545 1858 1290 1589 1100 1996 1623 1700 1553 1496 1833 1003 1204 1600 1214 1402 1774 1330 1099 1484 1097 1323 1547 1108 1691 1929 1856 1969 1365 1645 1815 1339 1307 1653 1589 1606 1616 1407 1952 1261 1120 1166 1121 1035 1705 1067 1728 1107 1076 1441 1897 1352 1977 1674 1275 1570 1125 1371 1873 1734 1087 1096 1207 1851 1965 1951 1340 1372 1062 1244 1983 1733 1551 1355 1510 1000 1890 1413 1300 1381 1557 1125 1634 1213 1544 1033 1271 1635 1870 BCNSPRNW ULIB Ver.6.0+V

เปลี่ยนเป็นภาษาไทย

Change to English
 แสดงรายละเอียดบรรณานุกรม
  กลับหน้าหลัก

Brief Record : Get Marc (ISO 2709) : E-mail record : QR code < ปิดหน้าต่าง
LEADER : 00000nam 2200000uu 4500
001    13399111232
003     ULIB
008    110621s2553||||th 000 0 tha d
020    9786167287188
060 04 WC100^bท337 2553
245 00 ทักษะการสื่อสารกับผู้ป่วยโรคติดเชื้อ :^bความสำคัญของโรคการรักษาและการป้องกัน /^cบรรณาธิการ; ชิษณุ พันธุ์เจริญ, ธันยวีร์ ภูธนกิจ, จรุงจิตร์ งามไพบูลย์
250    พิมพ์ครั้งที่ 1
260    กรุงเทพฯ :^bธนาเพรส,^c2553
300    249, [4] หน้า :^bภาพประกอบ ;^c21 ซม.
650  7 การสื่อสาร
650  7 การสื่อสารกับผู้ปว่ย
650  7 การสื่อสารทางการแพทย์
650  7 โรคติดเชื้อ^xการรักษา
650  7 โรคติดเชื้อ^xการป้องกันและควบคุม
700 0  ชิษณุ พันธุ์เจริญ,^eบรรณาธิการ
700 0  ธันยวีร์ ภูธนกิจ,^eบรรณาธิการ
700 0  จรุงจิตร์ งามไพบูลย์,^eบรรณาธิการ
710 2  โรงพยาบาลจุฬาลงกรณ์. ^bฝ่ายกุมารเวชศาสตร์.^bศูนย์ฝึกอบรมทักษะการสื่อสาร
945    ^p200^l0^i18100
945    ^p200^l0^i16853
945    ^p200^l0^i16854
995    กัณชพร
999 ^a ใช้งานได้ทุกระบบ
รายการนี้ยังไม่มีแท็ก
คุณยังไม่ได้ล็อกอิน คุณสามารถมีกิจกรรมร่วมกับเว็บไซต์ได้ แต่ต้องล็อกอินก่อน ::
  ล็อกอิน

รายการสื่อสารสนเทศ

ลำดับที่ ประเภท เลขเรียก/บาร์โค้ด สถานที่ สถานะ
1. วิทยาศาสตร์การแพทย์ และสุขภาพ
วิทยาศาสตร์การแพทย์ และสุขภาพ
สถานะ=หนังสือเก่า
WC100 ท337 2553  
  Barcode: 18100
ห้องสมุดวิทยาเขตนครสวรรค์
►ส่วนจัดเก็บหนังสือเก่า นว.
บนชั้น
  ขอยืม
2. วิทยาศาสตร์การแพทย์ และสุขภาพ
วิทยาศาสตร์การแพทย์ และสุขภาพ
สถานะ=หนังสือเก่า
WC100 ท337 2553 ฉ.2 
  Barcode: 16853
ห้องสมุดวิทยาเขตนครสวรรค์
►ส่วนจัดเก็บหนังสือเก่า นว.
บนชั้น
  ขอยืม
3. วิทยาศาสตร์การแพทย์ และสุขภาพ
วิทยาศาสตร์การแพทย์ และสุขภาพ
สถานะ=หนังสือเก่า
WC100 ท337 2553 ฉ.3 
  Barcode: 16854
ห้องสมุดวิทยาเขตนครสวรรค์
►ส่วนจัดเก็บหนังสือเก่า นว.
บนชั้น
  ขอยืม

รายการใกล้เคียง
    หัวเรื่อง [การสื่อสาร]
    หัวเรื่อง [การสื่อสารกับผู้ปว่ย]
    หัวเรื่อง [การสื่อสารทางการแพทย์]

BibComment


ยังไม่เคยถูกคอมเมนท์

คอมเมนท์ทรัพยากรรายการนี้
  คอมเมนท์: ทักษะการสื่อสารกั..


 Copyright 2026. Bcnsprnw @Library